000 00569nam a22002057a 4500
003 OSt
005 20140310181930.0
008 130722t xxu||||| |||| 00| 0 eng d
020 _a1400021189
050 _aPC 4129.Es
_b.Ul47 2004
082 _aTR 468.2
_bSt3 2004
245 _aUltimate Spanish :
_bbeginner-intermediate /
_cIrwin Stern.
260 _aNew York :
_bRandom House,
_cc2004.
300 _axvii,
_b398 p. ; + 8 CD
_c 23 cm.
521 _aFaculty
541 _j1
562 _e1
650 _2 Spanish--Language
942 _2lcc
_cBK-TR
_kTR
999 _c7342
_d7342